Normal view
MARC view
- Computer communication networks
Entry Topical Term
001 - CONTROL NUMBER
- control field: 95639
003 - CONTROL NUMBER IDENTIFIER
- control field: NUST
005 - DATE AND TIME OF LATEST TRANSACTION
- control field: 20220728125359.0
008 - FIXED-LENGTH DATA ELEMENTS
- fixed length control field: 220728|| aca||aabn | a|a d
040 ## - CATALOGING SOURCE
- Original cataloging agency: NUST
- Transcribing agency: NUST
150 ## - HEADING--TOPICAL TERM
- Topical term or geographic name entry element: Computer communication networks
670 ## - SOURCE DATA FOUND
- Source citation: Work cat.: (NUST)193306: Davis, Ralph 95638, Windows network programming , cop. 1993
